Visualizzazione normale
Vista MARC
- Brustia Marina
di Personal Name
Records bibliografici associati: 1
001 - CONTROL NUMBER
- control field: 62087
003 - CONTROL NUMBER IDENTIFIER
- control field:
005 - DATE AND TIME OF LATEST TRANSACTION
- control field: 20250416122358.0
008 - FIXED-LENGTH DATA ELEMENTS
- fixed length control field: 250416|| aca||aabn | a|a d
040 ## - CATALOGING SOURCE
- Original cataloging agency:
- Transcribing agency:
100 ## - HEADING--PERSONAL NAME
- Personal name: Brustia Marina
670 ## - SOURCE DATA FOUND
- Source citation: Work cat.: ()360285: Brustia Marina, Il valore della consulenza educativa, 2024